[Event "Cesenatico op 9th"]
[Site "Cesenatico"]
[Date "2004.09.05"]
[Round "2"]
[White "Lapenna, Antonio"]
[Black "Marholev, Dimitar"]
[Result "0-1"]
[WhiteElo "2030"]
[BlackElo "2350"]
[PlyCount "62"]
[EventDate "2004.09.04"]
[EventType "swiss"]
[EventRounds "9"]
[EventCountry "ITA"]
[SourceTitle "EXT 2007"]
[Source "ChessBase"]
[SourceDate "2006.11.23"]
[SourceVersion "1"]
[SourceVersionDate "2006.11.23"]
[SourceQuality "1"]

1. d4 g6 2. Nf3 Bg7 3. Nbd2 d6 4. e4 Nf6 5. Bd3 0-0 6. 0-0 Nc6 7. c3 e5 8. a3 Nd7 9. Nb3 a5 10. Be3 f5 11. exf5 gxf5 12. Bc4+ Kh8 13. Ng5 Qe8 14. Ne6 Nb6 15. Nxc7 Qd8 16. Nxa8 Nxc4 17. dxe5 Nxe3 18. fxe3 Bxe5 19. Qh5 Bd7 20. Rf3 Be8 21. Qh6 Bg7 22. Qe6 Bf7 23. Qxf5 Ne5 24. Rh3 Bg6 25. Qe6 Bf5 26. Qd5 Bxh3 27. gxh3 Qxa8 28. Nxa5 Qa7 29. Nxb7 Qxe3+ 30. Kh1 Qe2 31. Nxd6 Rf1+ 0-1

[Event "Pesaro YM"]
[Site "Pesaro"]
[Date "2003.10.04"]
[Round "7"]
[White "Genocchio, Daniele"]
[Black "Lapenna, Antonio"]
[Result "1-0"]
[WhiteElo "2352"]
[BlackElo "2047"]
[PlyCount "70"]
[EventDate "2003.09.28"]
[EventType "tourn"]
[EventRounds "7"]
[EventCountry "ITA"]
[SourceTitle "CBM 096 Extra"]
[Source "ChessBase"]
[SourceDate "2003.10.22"]
[SourceVersion "2"]
[SourceVersionDate "2003.10.20"]
[SourceQuality "1"]

1. e4 c5 2. Nf3 d6 3. d4 cxd4 4. Nxd4 Nf6 5. f3 a6 6. c4 e6 7. Nc3 Be7 8. Be2 b6 9. Be3 Bb7 10. 0-0 0-0 11. Qd2 Nbd7 12. Rac1 Qc7 13. Rfd1 Rac8 14. Qe1 Rfd8 15. g4 Ne8 16. g5 Qb8 17. Qf2 Bf8 18. Nc2 Nc7 19. Na4 Na8 20. b4 d5 21. exd5 exd5 22. cxd5 b5 23. Nc5 Nxc5 24. bxc5 Bxd5 25. Nb4 Bb7 26. f4 Nc7 27. c6 Bxb4 28. cxb7 Rxd1+ 29. Bxd1 Re8 30. Bf3 Qd8 31. Bb6 Bd6 32. Rd1 Qe7 33. Bc6 Rd8 34. Re1 Qf8 35. Ba7 Ne6 1-0

[Event "Pesaro YM"]
[Site "Pesaro"]
[Date "2003.09.28"]
[Round "1"]
[White "Lapenna, Antonio"]
[Black "Vocaturo, Daniele"]
[Result "0-1"]
[WhiteElo "2047"]
[BlackElo "2156"]
[PlyCount "152"]
[EventDate "2003.09.28"]
[EventType "tourn"]
[EventRounds "7"]
[EventCountry "ITA"]
[SourceTitle "CBM 096 Extra"]
[Source "ChessBase"]
[SourceDate "2003.10.22"]
[SourceVersion "2"]
[SourceVersionDate "2003.10.20"]
[SourceQuality "1"]

1. e4 g6 2. d4 Bg7 3. Nc3 d6 4. g3 c6 5. Bg2 b5 6. a3 a5 7. Nge2 Ba6 8. Be3 Nd7 9. 0-0 Nb6 10. e5 d5 11. b4 Bc8 12. f4 Nc4 13. Bf2 h5 14. Ra2 Bf8 15. Nc1 Bg4 16. Qe1 Bf5 17. Nd3 e6 18. h3 Bxd3 19. cxd3 Nb6 20. Qb1 Qe7 21. Rb2 Nh6 22. Rc1 axb4 23. axb4 g5 24. Ne2 Kd7 25. Qc2 Rc8 26. Be1 gxf4 27. Ra2 Na4 28. Nc3 Nxc3 29. Qxc3 Qd8 30. Ra7+ Ke8 31. Ra6 Qd7 32. Rca1 Be7 33. Ra7 Rc7 34. Ra8+ Bd8 35. Qc5 fxg3 36. Bd2 Nf5 37. Bg5 Ne7 38. Qd6 Nc8 39. Qxd7+ Kxd7 40. Bf4 h4 41. R1a6 Rg8 42. Bf3 Bg5 43. Bxg5 Rxg5 44. Bg4 Rg8 45. Ra1 Ne7 46. R8a6 Nf5 47. Rf1 Nh6 48. Rf6 Rh8 49. Ra1 Rh7 50. Bh5 Ke7 51. Rf4 Nf5 52. Bg4 Ne3 53. Be2 Kd7 54. Ra2 Kc8 55. Rf3 Nf5 56. Rf4 Kb8 57. Ra6 Ne3 58. Ra1 Ra7 59. Rc1 Kc7 60. Bh5 Kb6 61. Bf3 Ra4 62. Re1 Nc2 63. Rf1 Nxb4 64. Be2 Ra7 65. Kg2 Nc2 66. Kf3 Ra4 67. Bd1 Ra2 68. Bxc2 Rxc2 69. Ke3 g2 70. Rg1 b4 71. Rg4 b3 72. R4xg2 Rxg2 73. Rxg2 Kb5 74. Kd2 Kb4 75. Kc1 Kc3 76. Rd2 Rg7 0-1

[Event "EU-ch U14"]
[Site "Budva"]
[Date "2003.09.17"]
[Round "5"]
[White "Lapenna, Antonio"]
[Black "Nestorovic, Nikola"]
[Result "1/2-1/2"]
[WhiteElo "2047"]
[BlackElo "2142"]
[PlyCount "65"]
[EventDate "2003.09.13"]
[EventType "swiss"]
[EventRounds "9"]
[EventCountry "YUG"]
[SourceTitle "CBM 096 Extra"]
[Source "ChessBase"]
[SourceDate "2003.10.22"]
[SourceVersion "2"]
[SourceVersionDate "2003.10.20"]
[SourceQuality "1"]

1. e4 c5 2. Nf3 e6 3. d4 cxd4 4. Nxd4 a6 5. c4 Qc7 6. Nc3 Nf6 7. Be3 Bb4 8. Bd3 Bxc3+ 9. bxc3 d6 10. f3 Nbd7 11. 0-0 b6 12. Kh1 Bb7 13. Bg1 0-0 14. Nc2 Ne5 15. Ne3 Nfd7 16. Be2 Nc5 17. Qc2 Bc6 18. Rab1 Rfb8 19. Qd2 Rd8 20. Bd1 b5 21. Be2 Rab8 22. cxb5 axb5 23. c4 bxc4 24. Nxc4 Ng6 25. Na5 Ba8 26. Rfc1 Rxb1 27. Rxb1 Qe7 28. Qc2 Nf4 29. Bb5 Rc8 30. Ba6 Rd8 31. Bb5 Rc8 32. Ba6 Rd8 33. Bb5 1/2-1/2